Aktuálne trendy dumpingového práva

Voľný trh a voľný pohyb tovarov. Základné pojmy dumpingového práva. Univerzálna medzinárodná úprava dumpingového práva. Úprava dumpingu podľa Zmluvy o ESUO a Zmluvy o EHS. Antidumpingové opatrenia podľa právneho režimu Európskej únie. Antidumpingové opatrenia pre štáty, ktoré nie sú členmi Európskej...

Descripción completa

Guardado en:
Detalles Bibliográficos
Autor principal: Nováčková, Daniela
Formato: Capítulo de libro
Lenguaje:eslovaco
Materias:
Etiquetas: Agregar Etiqueta
Sin Etiquetas, Sea el primero en etiquetar este registro!

MARC

LEADER 00000naa a2200000 4500
001 r033389
005 20230922114843.3
041 0 |a slo 
044 |a SK 
245 1 0 |a Aktuálne trendy dumpingového práva  |c Daniela Nováčková 
520 |a Voľný trh a voľný pohyb tovarov. Základné pojmy dumpingového práva. Univerzálna medzinárodná úprava dumpingového práva. Úprava dumpingu podľa Zmluvy o ESUO a Zmluvy o EHS. Antidumpingové opatrenia podľa právneho režimu Európskej únie. Antidumpingové opatrenia pre štáty, ktoré nie sú členmi Európskej únie. Slovenská republika v procese ekonomickej integrácie. Kodifikácia slovenského dumpingového práva. 
610 2 0 |a dumping 
610 2 0 |a právo 
610 2 0 |a pohyb tovaru 
610 2 0 |a trh spoločný 
610 2 0 |a trh vnútorný 
610 2 0 |a clá antidumpingové 
610 2 0 |a Slovensko 
610 2 0 |a Európska únia 
610 2 0 |a integrácia 
610 2 0 |a spolupráca hospodárska medzinárodná 
100 1 |a Nováčková, Daniela